The VAT Gap in Relation to the Quality of Governance in Selected CEE Countries

Daňová medzera DPH vo vzťahu ku kvalite vládnutia vo vybraných krajinách strednej a východnej Európy. Je spôsobená daňovými únikmi a vyhýbaním sa plateniu DPH. Vypočíta sa, ako podiel v percentách na celkovej daňovej povinnosti DPH. Vzťah medzi deficitom DPH a ukazovateľmi celosvetových ukazovateľov...

Descripción completa

Guardado en:
Detalles Bibliográficos
Autor principal: Olexová, Cecília, 1976-
Otros Autores: Sudzina, František, Cakoci, Karin
Formato: Capítulo de libro
Lenguaje:inglés
Materias:
Etiquetas: Agregar Etiqueta
Sin Etiquetas, Sea el primero en etiquetar este registro!

MARC

LEADER 00000naa a2200000 4500
001 0288559
005 20250115083953.3
041 0 |a eng 
044 |a GB 
245 1 0 |a The VAT Gap in Relation to the Quality of Governance in Selected CEE Countries  |c Cecília Olexová, František Sudzina, Karin Cakoci 
520 |a Daňová medzera DPH vo vzťahu ku kvalite vládnutia vo vybraných krajinách strednej a východnej Európy. Je spôsobená daňovými únikmi a vyhýbaním sa plateniu DPH. Vypočíta sa, ako podiel v percentách na celkovej daňovej povinnosti DPH. Vzťah medzi deficitom DPH a ukazovateľmi celosvetových ukazovateľov riadenia vo vybraných krajinách pomocou údajov za roky 2000-2019 a štatistických aplikačných metód (korelácií). Najvýznamnejším faktorom, súvisiacim s medzerou v DPH je kontrola korupcie, čím sa podporujú vlády v posilnení protikorupčných opatrení. 
610 2 0 |a únik daňový 
610 2 0 |a dane z hodnoty pridanej 
610 2 0 |a východná Európa 
610 2 0 |a stredná Európa 
100 1 |a Olexová, Cecília, 1976- 
700 1 |a Sudzina, František 
700 1 |a Cakoci, Karin